000 00326nam a22001457a 4500
020 _a978-81-254-6780-8
082 _a823
_bNAI/K
100 _aNAIR, SINDHU V
245 _aKERALA FOLK TALES
_bSHORT STORY
260 _aKOTTAYAM
_bDC BOOKS
_c2017
300 _a116
520 _aFOLK TALES
650 _aFOLK TALES
942 _cBK
999 _c3836
_d3836